In the kitchen with Miss Piggy /

Bibliographic Details
Corporate Author: Time-Life Books
Format: Book
Language:English
Subjects:

MARC

Tag First Indicator Second Indicator Subfields
LEADER 00000cam a2200000 a 4500
001 in00001994449
005 20151031120833.0
008 951207s1996 vaua 001 0 eng
010 |a  95052383  
020 |a 0783547811 
035 |a (OCoLC)ocm33948317 
040 |a DLC  |c DLC  |d TXA  |d UtOrBLW 
049 |a TXAM 
050 0 0 |a TX714  |b .I5 1996 
082 0 0 |a 641.5  |2 20 
245 0 0 |a In the kitchen with Miss Piggy /  |c by moi. 
264 0 |a New York :  |b Jim Henson Productions, Inc. ;  |a Alexandria, VA :  |b Time-Life Books,  |c 1996. 
300 |a 128 pages :  |b color illustrations ;  |c 22 cm. 
336 |a text  |b txt  |2 rdacontent 
337 |a unmediated  |b n  |2 rdamedia 
338 |a volume  |b nc  |2 rdacarrier 
500 |a Includes index. 
536 |a From the cookery collection of Jean and James Presnal '49, September 2004. 
650 0 |a Cooking. 
650 0 |a Celebrities. 
710 2 |a Time-Life Books. 
948 |a cataloged  |b h  |c 2004/10/4  |d c  |e ceaton  |f 3:40:30 pm 
994 |a C0  |b TXA 
999 |a MARS 
999 f f |s 383de891-3811-3d99-a8fd-a32ed00a2eaa  |i d1669c82-c5c8-39f6-a87e-e145cfb776f5  |t 0 
952 f f |p normal  |a Texas A&M University  |b College Station  |c Sterling C. Evans Library  |d Evans: Library Stacks  |t 0  |e TX714 .I5 1996  |h Library of Congress classification  |i unmediated -- volume  |m A14832271935 
998 f f |a TX714 .I5 1996  |t 0  |l Evans: Library Stacks